000 01934nam a2200289 a 4500
001 77806
003 BD-RjUL
005 20211209083029.0
008 210119s 2009bg |||| m||| 00| 0 ben d
035 _a(BD-RjUL)78032
040 _aBD-RjUL
_bben /eng
_cBD-RjUL
_dBD-RjUL
041 _aben
082 _a297.0954
_bSAU 2009
_223
100 _aসা'আদাত, মো. নাজমুস
_9243689
245 1 0 _aউপমহাদেশে ইসলামের আগমনের ধারা ও প্রকৃতি ;
_b(১৫২৬ খ্রী. পর্যন্ত) /
_cমো. নাজমুস সা'আদাত ;
_6গবেষণা ত্তত্বাবধায়ক : মুহাম্মদ, রফিকুল ইসলাম
260 _aরাজশাহী :
_bইসলামিক স্টাডিজ বিভাগ, রাজশাহী বিশ্ববিদ্যালয়,
_c২০০৯
300 _a[৯] ১ - ১৬৪ পাতা ;
_c২৯ সেমি.
502 _aথিসিস (এম, ফিল.) -- ইসলামিক স্টাডিজ বিভাগ, রাজশাহী বিশ্ববিদ্যালয়,২০০৯
504 _aগ্রন্থপঞ্জি : পাতা ১৫৬ - ১৬৪
600 _c
_d
_9243990
650 _aইসলাম
_zউপমহাদেশ
_xইতিহাস
_y১৫২৬ খ্রী. পর্যন্ত
_9243981
650 _aIslam
_zsubcontinent
_xHistory
_y1526 AD Until
_9243982
650 _aসুফিবাদ
_zউপমহাদেশ - ইতিহাস
_xইতিহাস
_y১৫২৬ খ্রী. পর্যন্ত
_9243983
650 _aSufism
_zsubcontinent
_xHistory
_y1526 AD Until
_9243984
700 _a ইসলাম, মুহাম্মদ. রফিকুল, গবেষণা তত্ত্বাবধায়ক
_9243682
942 _2ddc
_cTHE
999 _c77806
_d77806